Megemlékezés István királyról születésének ezredik évfordulóján

Elmentve itt :
Bibliográfiai részletek
Szerző: Györffy György
Dokumentumtípus: Cikk
Megjelent: 1974
Sorozat:A Janus Pannonius Múzeum Évkönyve
Kulcsszavak:I. Szent István - király - Magyarország, Magyarország története - 11. sz.
Tárgyszavak:
Online Access:http://misc.bibl.u-szeged.hu/65446
LEADER 00881nab a2200241 i 4500
001 misc65446
005 20230206133856.0
008 220331s1974 hu o 0|| hun d
040 |a SZTE Miscellanea Repozitórium  |b hun 
041 |a hun 
041 |a fre 
041 |a rus 
100 1 |a Györffy György 
245 1 0 |a Megemlékezés István királyról születésének ezredik évfordulóján  |h [elektronikus dokumentum] /  |c  Györffy György 
260 |c 1974 
300 |a 127-132  |c 29 cm 
490 0 |a A Janus Pannonius Múzeum Évkönyve 
561 |a Németh Gyula hagyaték 
591 |a NOH 2106 
650 4 |a Bölcsészettudományok 
650 4 |a Történettudomány és régészet 
695 |a I. Szent István - király - Magyarország, Magyarország története - 11. sz. 
856 4 0 |u http://misc.bibl.u-szeged.hu/65446/1/2106_noh_g87.pdf  |z Dokumentum-elérés